Computing systems fundamentals: overview. (Record no. 66844)

000 -LEADER
fixed length control field 00457nam a22001577a 4500
003 - CONTROL NUMBER IDENTIFIER
control field NUST - PNEC
005 - DATE AND TIME OF LATEST TRANSACTION
control field 20170116181005.0
008 - FIXED-LENGTH DATA ELEMENTS--GENERAL INFORMATION
fixed length control field 150912b xxu||||| |||| 00| 0 eng d
040 ## - CATALOGING SOURCE
Transcribing agency LIBRARY
082 ## - DEWEY DECIMAL CLASSIFICATION NUMBER
Classification number 005.7 SRA
100 ## - MAIN ENTRY--PERSONAL NAME
9 (RLIN) 9743
Personal name Science Research Associates
245 ## - TITLE STATEMENT
Title Computing systems fundamentals: overview.
Statement of responsibility, etc. Science Research Associates
260 ## - PUBLICATION, DISTRIBUTION, ETC.
Date of publication, distribution, etc. c 1967
650 ## - SUBJECT ADDED ENTRY--TOPICAL TERM
9 (RLIN) 16337
Topical term or geographic name entry element Computer Systems
General subdivision MIS . Computer Science
942 ## - ADDED ENTRY ELEMENTS (KOHA)
Source of classification or shelving scheme
Koha item type Book
Holdings
Withdrawn status Lost status Source of classification or shelving scheme Damaged status Not for loan Permanent Location Current Location Shelving location Date acquired Total Checkouts Full call number Barcode Date last seen Price effective from Koha item type
          Pakistan Navy Engineering College (PNEC) Pakistan Navy Engineering College (PNEC)       005.7 SRA PNECLIB-009657 09/13/2015   Book
          Pakistan Navy Engineering College (PNEC) Pakistan Navy Engineering College (PNEC)       005.7 SRA PNECLIB-009678 09/17/2015   Book
          Pakistan Navy Engineering College (PNEC) Pakistan Navy Engineering College (PNEC)       005.7 SRA PNECLIB-009671 10/03/2015   Book
          Pakistan Navy Engineering College (PNEC) Pakistan Navy Engineering College (PNEC)       005.7 SRA PNECLIB-009649 10/03/2015   Book
© 2023 Central Library, National University of Sciences and Technology. All Rights Reserved.